000 00805nam a22002777a 4500
003 CHAP
005 20250213124613.0
008 971013s1970 r 00010 d
010 _a26859
011 _a27831
035 _a31932
040 _cCHAP
082 _a664.92
_bK3
100 0 0 _aKarmas, Endel.
_962744
245 _aFresh meat processing
260 _aPark Ridge, N. J. :
_bNoyes Data Corporation,
_c1970
300 _a236 p.
_b: ilus.
490 _aFood processing review
_v; 12
590 _aBATCH-UPD
_b10
_c20130110
_lUCH01
_h2132
590 _aCONVERSION
_b10
_c20130109
_lUCH01
_h1315
650 1 3 _aCarne de pescado
_919156
830 0 _aFood processing review
_v; 12
_942193
901 _aBK
942 _cLIBRO
949 _a664.92 K3
_bBC
_cLIBRO
_d33724000131785
_eLIBRO
_h26885
_i31932
_si
999 _c26859
_d26859